[Event "Women's Speed Chess Q5"]
[Site "chess.com INT"]
[Date "2020.06.22"]
[Round "10"]
[White "Gaponenko, Inna"]
[Black "Golubeva, Oksana"]
[Result "1-0"]
[WhiteTitle "IM"]
[BlackTitle "WFM"]
[WhiteElo "2396"]
[BlackElo "2179"]
[WhiteFideId "14101181"]
[BlackFideId "4170164"]
[EventDate "2020.06.22"]

1. e4 e6 2. d4 d5 3. exd5 exd5 4. Nf3 Nc6 5. Bb5 a6 6. Bxc6+ bxc6 7. O-O Bd6 8.
Re1+ Ne7 9. c4 dxc4 10. Nbd2 Be6 11. Ng5 Bd5 12. Qc2 Qd7 13. Nxc4 Qg4 14. Ne4
O-O 15. f3 Qg6 16. Ncxd6 cxd6 17. Bf4 Nf5 18. Rad1 Rad8 19. b3 Nh4 20. Qf2 Nf5
21. Nc3 Be6 22. d5 cxd5 23. Nxd5 Rfe8 24. Nc7 Re7 25. Nxa6 Ra7 26. Qxa7 Nh4 27.
Qf2 Qf6 28. Bg3 Nf5 29. Nc7 Bc8 30. Nd5 Qg6 31. Bh4 Rf8 32. Ne7+ Nxe7 33. Bxe7
Re8 34. Bxd6 Rd8 35. Bg3 Rf8 36. a4 h5 37. h4 Bb7 38. b4 Ra8 39. a5 Qf5 40. Re5
Qf6 41. Rde1 Bc6 42. Rxh5 Qc3 43. Rhe5 f6 44. Re7 Qxb4 45. Qb6 Qc4 46. Qc7 Qc5+
47. Kh2 Kh8 48. Rxg7 Qf8 49. Rh7+ Kg8 50. Bd6 Qf7 51. Rxf7 Kh8 52. Rh7+ Kg8 53.
Qg7# 1-0

[Event "Women's Speed Chess Q5"]
[Site "chess.com INT"]
[Date "2020.06.22"]
[Round "10"]
[White "Rakhmangulova, Anastasiya"]
[Black "Kubicka, Anna"]
[Result "1-0"]
[WhiteTitle "WIM"]
[BlackTitle "WIM"]
[WhiteElo "2191"]
[BlackElo "2256"]
[WhiteFideId "14117479"]
[BlackFideId "1152254"]
[EventDate "2020.06.22"]

1. e4 c5 2. Nf3 d6 3. d4 cxd4 4. Nxd4 Nf6 5. Nc3 a6 6. h4 e5 7. Nb3 Be7 8. Be2
b5 9. Bf3 Bb7 10. g4 h6 11. Be3 Nc6 12. Qd2 Rc8 13. O-O-O Na5 14. g5 Nc4 15. Qe2
Nd7 16. Kb1 Nxe3 17. Qxe3 Nf8 18. Bg4 Rc4 19. Qa7 Qc7 20. Na5 Bc8 21. Qxc7 Rxc7
22. Nd5 Bxg4 23. Nxc7+ Kd7 24. Rdg1 Bf3 25. Rh3 Bxe4 26. Nxa6 hxg5 27. Nb4 Rxh4
28. Rc3 Ne6 29. Nac6 Nc5 30. Nxe7 Kxe7 31. Nd3 Nxd3 32. cxd3 Bd5 33. Rxg5 Rh1+
34. Kc2 Bxa2 35. Rc7+ Ke6 36. Rxg7 Bb1+ 37. Kb3 f6 38. Rge7+ Kf5 39. Rc6 Bxd3
40. Rxd6 Bc4+ 41. Kb4 Rb1 42. Kc5 Rxb2 43. Re8 Rc2 44. Rf8 Be2+ 45. Kb4 Rc4+ 46.
Kb3 Ke4 47. Rfxf6 Bd3 48. f3+ Ke3 49. Rde6 Bc2+ 50. Kb2 e4 51. fxe4 Bxe4 52. Rf8
Rc2+ 53. Kb3 Kd3 54. Rxe4 Kxe4 55. Kxc2 Kd4 56. Kb3 Kc5 57. Rf5+ Kb6 58. Kb4 Ka6
59. Rf6+ Ka7 60. Kxb5 Ka8 61. Rf7 Kb8 62. Kc6 Ka8 63. Kb6 Kb8 64. Rf8# 1-0

[Event "Women's Speed Chess Q5"]
[Site "chess.com INT"]
[Date "2020.06.22"]
[Round "10"]
[White "Mendoza, Shania Mae"]
[Black "Hryzlova, Sofiia"]
[Result "1/2-1/2"]
[WhiteTitle "WFM"]
[BlackTitle "WCM"]
[WhiteElo "2158"]
[BlackElo "1940"]
[WhiteFideId "5211158"]
[BlackFideId "14174669"]
[EventDate "2020.06.22"]

1. e4 c5 2. Nf3 Nc6 3. g3 g6 4. Bg2 Bg7 5. O-O d6 6. Re1 e6 7. h3 Nge7 8. c3 e5
9. Na3 O-O 10. Nc2 b5 11. d4 c4 12. Be3 a6 13. Qd2 Bb7 14. Rad1 f5 15. Bh6 fxe4
16. Rxe4 Bxh6 17. Qxh6 Nf5 18. Qd2 Ncxd4 19. Nfxd4 exd4 20. Rxd4 Bxg2 21. Kxg2
Nxd4 22. Nxd4 Qf6 23. f4 Rae8 24. Nf3 Re7 25. Qd5+ Kg7 26. Qxd6 Re2+ 27. Kf1
Qxd6 28. Rxd6 Rxb2 29. Rxa6 Rc2 30. Rb6 Rxc3 31. Kf2 Rf5 32. Ne5 Rc2+ 33. Kf3
Rxa2 34. Rxb5 c3 35. Rb7+ Kg8 36. Rb8+ Rf8 37. Rb7 c2 38. Rc7 Rb8 39. Nd7 Rb3+
40. Kg4 Rb1 41. Nf6+ Kf8 42. Nxh7+ Ke8 43. Nf6+ Kd8 44. Rxc2 Rxc2 45. Kg5 Rg2
46. g4 Rh1 47. h4 Ke7 48. Ng8+ Kf7 49. Nh6+ Kg7 50. f5 gxf5 51. Nxf5+ Kh7 52. h5
Rhg1 53. Ne3 Rg3 54. Kf4 Kh6 55. Nf5+ Kh7 56. Nxg3 Ra1 57. g5 Ra4+ 58. Ne4 Ra5
59. Nf6+ Kg7 60. Ng4 Ra4+ 61. Kf5 Ra5+ 62. Ne5 Rb5 63. h6+ Kh7 64. Kf6 Rb6+ 65.
Kf5 Rb5 66. Kf4 Rb4+ 67. Kg3 Rb3+ 68. Kh4 Rb5 69. Ng4 Kg6 70. Nf6 Rxg5 71. h7
Kg7 72. Kxg5 Kh8 73. Kf5 Kg7 74. Ke6 Kh8 75. Kf5 Kg7 76. Kg5 Kh8 77. Kf5 1/2-1/2

[Event "Women's Speed Chess Q5"]
[Site "chess.com INT"]
[Date "2020.06.22"]
[Round "10"]
[White "Nguyen, Thi Mai Hung"]
[Black "Klinova, Masha"]
[Result "1-0"]
[WhiteTitle "WGM"]
[BlackTitle "IM"]
[WhiteElo "2258"]
[BlackElo "2275"]
[WhiteFideId "12401676"]
[BlackFideId "2802015"]
[EventDate "2020.06.22"]

1. d4 d6 2. c4 e5 3. dxe5 dxe5 4. Qxd8+ Kxd8 5. Nc3 Be6 6. e4 Nd7 7. Nf3 f6 8.
Be3 c6 9. O-O-O Kc7 10. Be2 a5 11. Na4 Ne7 12. Rd2 Nc8 13. Rhd1 Bb4 14. Rc2 Rd8
15. a3 Be7 16. Rcd2 Ncb6 17. Nxb6 Nxb6 18. Rxd8 Rxd8 19. Rxd8 Bxd8 20. b3 a4 21.
c5 Nd7 22. b4 Be7 23. Bd1 b6 24. cxb6+ Nxb6 25. Bxb6+ Kxb6 26. Bxa4 c5 27. Ne1
cxb4 28. axb4 Bxb4 29. Nd3 Bc3 30. Kc2 Bd4 31. Bb3 Bd7 32. f3 h5 33. Bf7 h4 34.
h3 Kb5 35. Kb3 Ka5 36. Bc4 Ba4+ 37. Ka3 Bc2 38. Nc1 Kb6 39. Bb3 Bxb3 40. Kxb3
Kb5 41. Nd3 Be3 42. Nb4 Kc5 43. Nd5 Kd4 44. Kc2 Bh6 45. Kd1 Kd3 46. Ke1 Bd2+ 47.
Kf2 Bc3 48. Ne7 Bd4+ 49. Kf1 Bc5 50. Ng6 Ke3 51. Nxh4 Kf4 52. Nf5 g5 53. Ke2 g4
54. hxg4 Kg5 55. g3 Ba7 56. Kf1 Bb6 57. Kg2 Ba7 58. Kh3 Bb6 59. Ne7 Bf2 60. Nd5
Bc5 61. f4+ Kg6 62. Kh4 Ba3 63. f5+ Kg7 64. g5 fxg5+ 65. Kxg5 Bc1+ 66. Kh5 Kf7
67. g4 Kg7 68. g5 Kf7 69. g6+ Kg7 70. f6+ Kg8 71. Kg4 Kf8 72. Kf5 1-0

[Event "Women's Speed Chess Q5"]
[Site "chess.com INT"]
[Date "2020.06.22"]
[Round "10"]
[White "Potapova, Margarita"]
[Black "Charochkina, Daria"]
[Result "0-1"]
[WhiteTitle "WIM"]
[BlackTitle "IM"]
[WhiteElo "2270"]
[BlackElo "2356"]
[WhiteFideId "14126869"]
[BlackFideId "4180917"]
[EventDate "2020.06.22"]

1. d4 d6 2. e4 Nf6 3. Nc3 g6 4. Bg5 h6 5. Be3 Ng4 6. Bf4 e5 7. Bg3 Bg7 8. dxe5
Nxe5 9. Bb5+ c6 10. Be2 h5 11. Nf3 Qe7 12. Nxe5 dxe5 13. f3 Be6 14. O-O Nd7 15.
Bd3 h4 16. Bf2 Nc5 17. Qe2 O-O-O 18. Rfd1 Kb8 19. Qe3 b6 20. a4 f5 21. a5 f4 22.
Qe2 h3 23. axb6 axb6 24. g3 fxg3 25. Bxg3 Nxd3 26. cxd3 Kb7 27. Qe3 Bh6 28. Qe2
Bf4 29. Bxf4 exf4 30. d4 Rh5 31. Kh1 Kc8 32. d5 Bg8 33. dxc6 Rxd1+ 34. Rxd1 Ra5
35. Qd2 Qc7 36. Qd4 Qxc6 37. Qd8+ Kb7 38. Rd7+ Ka6 39. Rd1 Bc4 40. Qd4 Rc5 41.
Ra1+ Ra5 42. Rd1 Bb3 43. Rc1 Bc4 44. Re1 Bf7 45. Qd8 Qb7 46. Qf8 Bc4 47. Qb4 b5
48. Qd6+ Ka7 49. Qc5+ Qb6 50. Qe7+ Ka6 51. Qe8 Qf2 52. Qa8+ Kb6 53. Qb8+ Kc5 54.
Qc7+ Kb4 55. Qd6+ Kb3 56. Re2 Qf1# 0-1

[Event "Women's Speed Chess Q5"]
[Site "chess.com INT"]
[Date "2020.06.22"]
[Round "10"]
[White "Zavivaeva, Emilia"]
[Black "Mikheeva, Galina"]
[Result "1-0"]
[WhiteTitle "WCM"]
[BlackTitle "WFM"]
[WhiteElo "1735"]
[BlackElo "1901"]
[WhiteFideId "34127531"]
[BlackFideId "44108320"]
[EventDate "2020.06.22"]

1. e4 e5 2. Nf3 Nc6 3. Nc3 Nf6 4. d4 exd4 5. Nxd4 Bb4 6. Nxc6 bxc6 7. Bd3 d5 8.
exd5 Qe7+ 9. Be3 Nxd5 10. O-O Nxe3 11. fxe3 Qxe3+ 12. Kh1 O-O 13. Rf3 Qh6 14.
Rg3 Bd6 15. Qf3 Bxg3 16. Qxg3 Be6 17. Qxc7 Rfc8 18. Qg3 c5 19. Be4 Rab8 20. b3
c4 21. Rd1 cxb3 22. axb3 g6 23. h3 Qg7 24. Na4 Rb4 25. Bd3 Rd4 26. Re1 Rcd8 27.
Nc5 Bc8 28. Qe3 R4d6 29. Ne4 Re6 30. Qxa7 f5 31. Qa5 Re5 32. Qxd8+ Kf7 33. Qc7+
Re7 34. Qxc8 fxe4 35. Rf1+ Qf6 36. Rxf6+ Kxf6 37. Qc6+ Re6 38. Qc3+ Ke7 39. Bc4
Rd6 40. Qg7+ Kd8 41. Qf8+ Kc7 42. Qe7+ Rd7 43. Qxd7+ Kxd7 44. Be2 Kd6 45. c4 Kc5
46. Kg1 Kb4 47. Kf2 Kxb3 48. c5 Kb4 49. c6 Ka5 50. c7 Kb4 51. c8=Q Kb3 52. Qc4+
Kb2 53. Ke3 Ka3 54. Kd2 Kb2 55. Qc3+ Ka2 56. Kc2 e3 57. Bc4# 1-0

[Event "Women's Speed Chess Q5"]
[Site "chess.com INT"]
[Date "2020.06.22"]
[Round "10"]
[White "Dwilewicz, Katarzyna"]
[Black "Bogumil, Tatiana"]
[Result "1-0"]
[WhiteTitle "WFM"]
[BlackTitle "WGM"]
[WhiteElo "2120"]
[BlackElo "2182"]
[WhiteFideId "1148486"]
[BlackFideId "4110579"]
[EventDate "2020.06.22"]

1. e4 e6 2. d4 d5 3. Nd2 dxe4 4. Nxe4 Bd7 5. Nf3 Bc6 6. Bd3 Nd7 7. O-O Ngf6 8.
Ng3 Be7 9. Re1 O-O 10. c4 Bb4 11. Bd2 Bxd2 12. Nxd2 b6 13. b3 Bb7 14. Nf3 c5 15.
dxc5 Nxc5 16. Be2 Qxd1 17. Raxd1 Rad8 18. Ne5 g6 19. f3 Kg7 20. Kf2 h5 21. h4
Rfe8 22. Nf1 Kf8 23. Ne3 Ke7 24. Nc2 Ncd7 25. Nd3 a5 26. Nb2 Nc5 27. Ke3 Rxd1
28. Rxd1 Rd8 29. Rxd8 Kxd8 30. Nd4 Nfd7 31. Nb5 Ke7 32. Nd1 Nb8 33. Ndc3 Nc6 34.
Nd4 Nxd4 35. Kxd4 f6 36. Bd1 e5+ 37. Ke3 Kd6 38. Bc2 f5 39. Nb5+ Ke6 40. a3 Bc6
41. Nc3 Kd6 42. b4 axb4 43. axb4 Ne6 44. Ne2 Bb7 45. g3 Bc6 46. Bb3 Bd7 47. Bc2
Ke7 48. Bb3 Bc6 49. Bc2 Kf6 50. Bd1 Nc7 51. Bc2 Bb7 52. Nc3 Bc6 53. b5 Bb7 54.
Na4 Ne6 55. Nxb6 Nd4 56. Bd1 1-0

[Event "Women's Speed Chess Q5"]
[Site "chess.com INT"]
[Date "2020.06.22"]
[Round "10"]
[White "Yu, Jennifer"]
[Black "Zhuravleva, Olga"]
[Result "1-0"]
[WhiteTitle "FM"]
[BlackTitle "WIM"]
[WhiteElo "2315"]
[BlackElo "2278"]
[WhiteFideId "2078341"]
[BlackFideId "4145933"]
[EventDate "2020.06.22"]

1. d4 Nf6 2. c4 e6 3. Nc3 Bb4 4. g3 d5 5. Bg2 O-O 6. Nf3 c5 7. O-O cxd4 8. Nxd4
dxc4 9. Qa4 Bc5 10. Nc2 Qe7 11. Qxc4 h6 12. Bf4 Nbd7 13. Rad1 Nb6 14. Qb3 e5 15.
Be3 Be6 16. Qb5 Rfc8 17. Bxc5 Rxc5 18. Qd3 Bc4 19. Qd2 Rcc8 20. Ne3 Be6 21. Qd6
Qxd6 22. Rxd6 Rab8 23. Rfd1 Ne8 24. R6d2 Nf6 25. a3 g6 26. Nb5 Bb3 27. Nxa7 Re8
28. Re1 Ba4 29. Rd6 Nfd7 30. Nd5 Nxd5 31. Bxd5 Nc5 32. Rxg6+ Kh7 33. Rb6 Ra8 34.
Nb5 Ra6 35. Rxa6 Nxa6 36. Nc3 Bc6 37. Bxf7 Rd8 38. Bc4 Nc5 39. b4 Na4 40. Nxa4
Bxa4 41. Bd3+ Kg7 42. Rc1 Rd7 43. Bf5 Rf7 44. Be4 Kf6 45. Rc5 Rd7 46. Kg2 b6 47.
Rc1 Rd2 48. Kf3 Rb2 49. Bc6 Bd1 50. Bb5 Bb3 51. Rc6+ Ke7 52. Rxb6 Bd5+ 53. Ke3
Rb3+ 54. Kd2 Rxa3 55. Bd3 Ra2+ 56. Ke3 Ra3 57. f3 Be6 58. Rb5 Kd6 59. Rb6+ Ke7
60. b5 Rb3 61. Rb7+ Kd6 62. Rh7 Bc4 63. Rxh6+ Kc5 64. Rc6+ Kxb5 65. Rxc4 Kb6 66.
Re4 Ra3 67. Rxe5 Kc6 68. f4 Kd6 69. h4 1-0

[Event "Women's Speed Chess Q5"]
[Site "chess.com INT"]
[Date "2020.06.22"]
[Round "10"]
[White "Luong, Phuong Hanh"]
[Black "Zhao, Xue"]
[Result "1-0"]
[WhiteTitle "WIM"]
[BlackTitle "GM"]
[WhiteElo "2230"]
[BlackElo "2486"]
[WhiteFideId "12401013"]
[BlackFideId "8601283"]
[EventDate "2020.06.22"]

1. d4 Nf6 2. Nf3 e6 3. e3 d6 4. Bd3 Nbd7 5. O-O c5 6. c4 b6 7. Nc3 Bb7 8. e4
cxd4 9. Nxd4 Be7 10. Qe2 O-O 11. b3 a6 12. Bb2 Qc7 13. Rad1 Rfe8 14. Bb1 Rac8
15. Nc2 Bf8 16. Ne3 Qb8 17. Ng4 Qa8 18. Nxf6+ Nxf6 19. Na4 Nd7 20. Bd4 b5 21.
cxb5 axb5 22. Nb6 Nxb6 23. Bxb6 b4 24. Rfe1 Ba6 25. Qd2 Qb7 26. Bd4 d5 27. Bb2
Red8 28. Qg5 h6 29. Qh4 Qb5 30. h3 Bb7 31. Bd3 Qa5 32. exd5 Bxd5 33. Bb1 Rd7 34.
Qg3 Rcd8 35. Qd3 f5 36. Qg3 Kf7 37. Qh4 Qb6 38. Qh5+ Kg8 39. Qg6 Qc6 40. Bf6 Rc8
41. Bb2 Rf7 42. Rc1 Qd7 43. Rxc8 Qxc8 44. Rc1 Qe8 45. Be5 Re7 46. Qg3 Rd7 47.
Qf4 Kh7 48. g4 g6 49. Bb2 Bg7 50. Bxg7 Rxg7 51. Qe5 Qe7 52. Rc8 Qh4 53. Kh2 f4
54. Bxg6+ Kxg6 55. Qxf4 Qg5 56. Qf8 Qf6 57. Qe8+ Qf7 58. Qb5 1-0

[Event "Women's Speed Chess Q5"]
[Site "chess.com INT"]
[Date "2020.06.22"]
[Round "10"]
[White "Matveeva, Olga"]
[Black "Grigoryan, Meri"]
[Result "0-1"]
[WhiteTitle "WIM"]
[BlackTitle "WFM"]
[WhiteElo "2171"]
[BlackElo "2044"]
[WhiteFideId "24107018"]
[BlackFideId "13300571"]
[EventDate "2020.06.22"]

1. d4 d5 2. c4 e5 3. dxe5 d4 4. Nf3 Nc6 5. a3 a5 6. e3 Bc5 7. exd4 Bxd4 8. Nxd4
Qxd4 9. Be2 Qxd1+ 10. Bxd1 Nxe5 11. Be2 Ne7 12. O-O Be6 13. b3 O-O 14. Bb2 N7c6
15. Nd2 Rfd8 16. Rfd1 Nd4 17. Bf1 f6 18. h3 Bf5 19. b4 Nc2 20. Rac1 axb4 21.
axb4 Nxb4 22. Bxe5 fxe5 23. c5 Bc2 24. Bc4+ Kh8 25. Re1 Rxd2 26. Rxe5 h6 27. Re7
Rc8 28. Be6 Rcd8 29. Rxc7 Nd3 30. Ra1 Nf4 31. Bg4 Be4 32. g3 Ne2+ 33. Kh2 Nc3
34. Kg1 Rf8 35. f4 Ne2+ 36. Kf2 Nxf4+ 37. Ke3 Nd5+ 38. Kxd2 Nxc7 39. Ke3 Bc6 40.
Rd1 Nd5+ 41. Kd4 Rd8 42. Ke5 Re8+ 43. Kd6 Rf8 44. Ke5 Rf6 45. Rxd5 Bxd5 46. Kxd5
Rf7 47. c6 bxc6+ 48. Kxc6 Kh7 49. Kd5 Kg6 50. Ke4 h5 51. Bd1 Re7+ 52. Kf3 Rd7
53. Bc2+ Kf6 54. Be4 Ra7 55. Kf4 Ra4 56. g4 g5+ 57. Kf3 Ke5 58. Bf5 Ra3+ 59. Kg2
hxg4 60. Bxg4 Kf4 61. Kf2 Ra2+ 62. Kf1 Kg3 63. Bf5 Rf2+ 0-1

[Event "Women's Speed Chess Q5"]
[Site "chess.com INT"]
[Date "2020.06.22"]
[Round "10"]
[White "Tarini, Goyal"]
[Black "Babiy, Olga"]
[Result "1-0"]
[WhiteTitle "WFM"]
[BlackTitle "WGM"]
[WhiteElo "2164"]
[BlackElo "2228"]
[WhiteFideId "5082749"]
[BlackFideId "14117258"]
[EventDate "2020.06.22"]

1. d4 d5 2. c4 dxc4 3. e3 a6 4. Nf3 Bg4 5. Bxc4 e6 6. O-O Nc6 7. Nc3 Nf6 8. h3
Bh5 9. Re1 Bd6 10. Be2 O-O 11. e4 Bxf3 12. Bxf3 Nxd4 13. e5 Bc5 14. exf6 Qxf6
15. Ne4 Nxf3+ 16. Qxf3 Qxf3 17. gxf3 Bd4 18. Rb1 g6 19. Be3 Bg7 20. Red1 Rfd8
21. Bg5 Rxd1+ 22. Rxd1 Bxb2 23. Rb1 Bd4 24. Rxb7 c5 25. Nf6+ Kg7 26. Ne4 h6 27.
Be3 g5 28. Nxc5 Bxe3 29. fxe3 Kg6 30. Nd3 f6 31. Kf2 Rc8 32. Rb2 Rc3 33. Nb4 a5
34. Nc2 e5 35. e4 f5 36. exf5+ Kxf5 37. Ne3+ Ke6 38. Rc2 Ra3 39. Rc6+ Kd7 40.
Rc2 h5 41. Nf5 g4 42. hxg4 hxg4 43. fxg4 e4 44. Ne3 Ke6 45. Re2 Rc3 46. Kg3 Ke5
47. g5 Kd4 48. Kf4 Kd3 49. Rh2 Rc8 50. Nf5 Rf8 51. Rh3+ Kc4 52. g6 Rg8 53. g7 e3
54. Kxe3 a4 55. Kf4 a3 56. Rh8 Kb4 57. Rxg8 Kc3 58. Rb8 Kc2 59. g8=Q Kc1 60. Qb3
Kd2 61. Rd8+ Ke1 62. Qe3+ 1-0

[Event "Women's Speed Chess Q5"]
[Site "chess.com INT"]
[Date "2020.06.22"]
[Round "10"]
[White "Bulmaga, Irina"]
[Black "Chitlange, Sakshi"]
[Result "0-1"]
[WhiteTitle "IM"]
[BlackTitle "WIM"]
[WhiteElo "2440"]
[BlackElo "2167"]
[WhiteFideId "13903063"]
[BlackFideId "35002899"]
[EventDate "2020.06.22"]

1. e4 c6 2. d4 d5 3. e5 c5 4. dxc5 e6 5. a3 Bxc5 6. b4 Bb6 7. Nf3 Ne7 8. Bd3 Ng6
9. O-O Nd7 10. Bb2 a5 11. c4 axb4 12. axb4 Rxa1 13. Bxa1 dxc4 14. Bxc4 Qc7 15.
Bb5 O-O 16. Qe2 Nb8 17. Nbd2 Nc6 18. Bxc6 Qxc6 19. Nc4 Bc7 20. h4 b6 21. Bb2 Nf4
22. Qc2 Bb7 23. b5 Qxb5 24. Ng5 g6 25. Ne4 Qc6 26. f3 b5 27. Nf6+ Kg7 28. Ne3
Qxc2 29. Nxc2 Nd3 30. Bd4 Nxe5 31. f4 Kxf6 32. fxe5+ Kg7 33. Ne3 Rd8 34. Bb2 Rd3
35. Ng4 h5 36. Nf2 Rd2 37. Bc3 Re2 38. Nd3 Re3 39. Rd1 Re2 40. Nf4 Rc2 41. Nxe6+
fxe6 42. Rd7+ Kh6 43. Rxc7 Rxg2+ 44. Kf1 Bd5 45. Ke1 g5 46. Bd2 Kg6 47. Bxg5 b4
48. Rc8 b3 49. Rg8+ Kf5 50. Rf8+ Ke4 51. Bc1 b2 52. Bxb2 Rxb2 53. Rh8 Kxe5 54.
Rxh5+ Kf4 55. Rh8 Rb1+ 56. Kd2 e5 57. Rf8+ Ke4 58. h5 Rh1 59. Rh8 Bf7 60. h6 Bg6
61. Rg8 Rxh6 62. Ke2 Rh2+ 63. Kf1 Bh5 64. Rh8 Be2+ 65. Ke1 Rxh8 66. Kxe2 Rh2+
67. Ke1 Ke3 0-1

[Event "Women's Speed Chess Q5"]
[Site "chess.com INT"]
[Date "2020.06.22"]
[Round "10"]
[White "Toncheva, Nadya"]
[Black "Injac, Teodora"]
[Result "1/2-1/2"]
[WhiteTitle "WFM"]
[BlackTitle "WIM"]
[WhiteElo "2064"]
[BlackElo "2286"]
[WhiteFideId "2924056"]
[BlackFideId "932400"]
[EventDate "2020.06.22"]

1. e4 e6 2. d4 d5 3. Nd2 c5 4. exd5 exd5 5. Ngf3 a6 6. c3 Nc6 7. Bd3 Nf6 8. O-O
c4 9. Bc2 Be7 10. Re1 O-O 11. b3 b5 12. bxc4 bxc4 13. Rb1 Bg4 14. Nf1 Bh5 15.
Ng3 Bg6 16. Nf5 Re8 17. Bf4 Qd7 18. Nxe7+ Rxe7 19. Bxg6 hxg6 20. Ne5 Nxe5 21.
Bxe5 Rae8 22. h3 Ne4 23. Qc1 Qf5 24. f3 Nf6 25. Qa3 Nh5 26. Rf1 Qc2 27. Rbc1 Qd3
28. Rfd1 Qe3+ 29. Kh1 f6 30. Bh2 Qf2 31. Bg1 Qh4 32. Qxa6 Re2 33. Qd6 Nf4 34.
Bh2 Nxg2 35. Qxd5+ Kh7 36. Qxc4 Qxh3 37. Qd5 Nh4 38. Qd6 Nxf3 39. Rc2 Rxh2+ 40.
Rxh2 Nxh2 41. Qxh2 Qxh2+ 42. Kxh2 Re2+ 43. Kg3 Rxa2 44. Kf3 Ra3 45. Rc1 g5 46.
Ke4 Kg6 47. d5 f5+ 48. Ke5 Kf7 49. d6 Ra5+ 50. Kd4 Ke6 51. Rg1 g4 52. Rf1 Kxd6
53. c4 g6 54. Re1 Ra4 55. Re8 g3 56. Rg8 f4 57. Rxg6+ Ke7 58. Rg4 f3 59. Rxg3 f2
60. Re3+ Kd7 61. Rf3 Ra2 62. c5 Kc6 63. Rf6+ Kd7 64. c6+ Kc7 65. Ke3 Kb6 66.
Rxf2 Rxf2 67. Kxf2 Kxc6 1/2-1/2

[Event "Women's Speed Chess Q5"]
[Site "chess.com INT"]
[Date "2020.06.22"]
[Round "10"]
[White "Balabayeva, Xeniya"]
[Black "Ilyuchyk, Yana"]
[Result "1-0"]
[WhiteTitle "WFM"]
[BlackTitle "WFM"]
[WhiteElo "2146"]
[BlackElo "2119"]
[WhiteFideId "13719688"]
[BlackFideId "13508407"]
[EventDate "2020.06.22"]

1. e4 c5 2. Be2 Nc6 3. f4 d6 4. Nf3 g6 5. O-O Bg7 6. d3 e6 7. c3 Nge7 8. Be3 O-O
9. Nbd2 b6 10. Qe1 d5 11. Qf2 d4 12. cxd4 cxd4 13. Bxd4 Nxd4 14. Kh1 Nxe2 15.
Qxe2 Ba6 16. Nc4 Nc6 17. Rad1 Nd4 18. Qf2 Nxf3 19. Qxf3 Qd4 20. b3 Rad8 21. Qh3
Bxc4 22. bxc4 Qc3 23. f5 exf5 24. exf5 Rd6 25. Qe3 Qe5 26. Qh3 Rfd8 27. fxg6
hxg6 28. Rde1 Qh5 29. Qe3 Rf6 30. Rg1 Re6 31. Qg3 Rxe1 32. Rxe1 Qf5 33. Rd1 Be5
34. Qe3 Qf4 35. Qh3 Qxc4 36. Re1 Qxd3 37. Qh4 Qd1 38. Qe4 Bc3 39. Rg1 Qd4 40.
Qf3 a5 41. Rf1 Qf6 42. Qe2 Qe6 43. Qf3 Re8 44. Qxc3 b5 45. Qxa5 Qc4 46. Rg1 Re2
47. Qa8+ Kg7 48. a3 Ra2 49. Qf3 b4 50. axb4 Qxb4 51. Rf1 Qe7 52. Qc3+ Kh7 53.
Qf3 Kg7 54. h3 Re2 55. Qc3+ Kh7 56. Qf3 Kg7 57. Qf4 Re1 58. Qf3 Qe2 59. Qxf7+
Kh6 60. Qf4+ Kg7 61. Rxe1 1-0

[Event "Women's Speed Chess Q5"]
[Site "chess.com INT"]
[Date "2020.06.22"]
[Round "10"]
[White "Gokbulut, Julia"]
[Black "Martynyuk, Elizaveta"]
[Result "0-1"]
[WhiteTitle "WFM"]
[BlackTitle "FM"]
[WhiteElo "1970"]
[BlackElo "2041"]
[WhiteFideId "4153979"]
[BlackFideId "24128511"]
[EventDate "2020.06.22"]

1. d4 d5 2. c4 c6 3. Nf3 Nf6 4. Qb3 dxc4 5. Qxc4 b5 6. Qc2 Bb7 7. g3 e6 8. Bg2
Bd6 9. O-O O-O 10. Bg5 h6 11. Bxf6 Qxf6 12. e4 Qe7 13. e5 Bb4 14. a3 Ba5 15. b4
Bb6 16. Nc3 a5 17. Rab1 axb4 18. axb4 Na6 19. Na2 Nc7 20. Nc3 Ra3 21. Rb3 Rfa8
22. Rxa3 Rxa3 23. Qb2 Ra8 24. Ne4 Ra4 25. Nc5 Bxc5 26. bxc5 Nd5 27. Ra1 Qc7 28.
Rxa4 bxa4 29. Nd2 Ba6 30. Bf1 Bxf1 31. Kxf1 Qa5 32. Nb1 Qb4 33. Qxb4 Nxb4 34.
Na3 f6 35. exf6 gxf6 36. Ke2 Kf7 37. Ke3 e5 38. dxe5 fxe5 39. f4 exf4+ 40. gxf4
Kf6 41. Ke4 Nd5 42. h4 Nc3+ 43. Kd4 Ne2+ 44. Ke3 Ng3 45. Kf3 Nf5 46. Kg4 Ng7 47.
h5 Ne6 48. Nc4 Nxc5 49. Kf3 Kf5 50. Ne3+ Ke6 51. Nc2 Kd5 52. Ke3 Kc4 53. f5 Kc3
54. Na3 Kb3 55. Nb1 a3 56. Nxa3 Kxa3 57. Kd4 Kb4 58. f6 Nd7 59. f7 c5+ 60. Kd5
c4 61. Ke6 Nf8+ 62. Ke7 Nh7 63. f8=Q Nxf8 64. Kxf8 c3 65. Kg7 c2 66. Kxh6 c1=Q+
67. Kh7 Qg5 68. h6 Kc5 69. Kh8 Qxh6+ 70. Kg8 Kd6 71. Kf7 Ke5 72. Ke8 Qg7 73. Kd8
Kd6 74. Kc8 Qc7# 0-1

[Event "Women's Speed Chess Q5"]
[Site "chess.com INT"]
[Date "2020.06.22"]
[Round "10"]
[White "Zvereva, Margarita"]
[Black "Vidyarthi, Omya"]
[Result "0-1"]
[WhiteTitle "WFM"]
[BlackTitle "WCM"]
[WhiteElo "1929"]
[BlackElo "1709"]
[WhiteFideId "34177741"]
[BlackFideId "30931665"]
[EventDate "2020.06.22"]

1. d4 d5 2. Nf3 Nf6 3. e3 Bf5 4. Bd3 Bxd3 5. Qxd3 e6 6. O-O c5 7. c4 cxd4 8.
Nxd4 Bd6 9. cxd5 Nxd5 10. Nc3 Nxc3 11. Qxc3 O-O 12. b3 Be5 13. Bb2 Nc6 14. Rad1
Qf6 15. Qd3 Rad8 16. Qe4 Bxd4 17. exd4 Rd5 18. Rd3 Rfd8 19. Rfd1 Qg6 20. Qxg6
hxg6 21. Kf1 e5 22. Ke2 exd4 23. h4 f6 24. g3 Kf7 25. f3 Ra5 26. a4 Rad5 27. Kf2
g5 28. hxg5 fxg5 29. Rh1 Ne5 30. Rd2 b5 31. axb5 Rxb5 32. Rxd4 Nd3+ 33. Ke2 Rxd4
34. Bxd4 Rxb3 35. Bxa7 Ne5 36. Bd4 Nc6 37. Be3 Rb5 38. Ra1 Re5 39. Rc1 Re6 40.
Kf2 Kf6 41. Ra1 Nb4 42. Rb1 Nd3+ 43. Ke2 Ne5 44. Rh1 Nc4 45. Rc1 Nxe3 46. Kf2
Nf5 47. Rc7 Re7 48. Rc6+ Kf7 49. Rc1 Nd4 50. Rd1 Nc6 51. g4 Ne5 52. Rd5 Ke6 53.
Ra5 Kf6 54. Ra6+ Re6 55. Ra1 Nd3+ 56. Kg3 Nf4 57. Rh1 Re2 58. Rh2 Rxh2 59. Kxh2
Ke5 60. Kg3 Kd4 61. Kf2 g6 62. Kg3 Ke3 0-1

[Event "Women's Speed Chess Q5"]
[Site "chess.com INT"]
[Date "2020.06.22"]
[Round "10"]
[White "Huda, Maryana"]
[Black "Mkrtchian, Lilit"]
[Result "0-1"]
[WhiteTitle "WGM"]
[BlackTitle "IM"]
[WhiteElo "2128"]
[BlackElo "2388"]
[WhiteFideId "14116553"]
[BlackFideId "13300601"]
[EventDate "2020.06.22"]

1. Nf3 d5 2. g3 Nd7 3. d4 Ngf6 4. Bg2 e6 5. O-O b5 6. a4 b4 7. a5 Ba6 8. Re1 Be7
9. Nfd2 O-O 10. e4 c6 11. e5 Ne8 12. Nf1 c5 13. Be3 Rc8 14. Nbd2 Nc7 15. c3 bxc3
16. bxc3 Nb5 17. Nb1 Nb8 18. h4 Nc6 19. Qg4 Kh8 20. h5 Nxa5 21. h6 g6 22. Nh2
Bb7 23. Nf3 Nc4 24. Bc1 a5 25. Nfd2 Nxd2 26. Bxd2 Ra8 27. Be3 c4 28. Rc1 a4 29.
Nd2 a3 30. Bf3 Ra6 31. Nxc4 dxc4 32. Bxb7 Ra7 33. Be4 Nc7 34. Qe2 Nd5 35. Qxc4
Rc7 36. Qd3 Qc8 37. Bxd5 exd5 38. Kg2 Qg4 39. f3 Qc8 40. g4 Rc4 41. f4 Qc6 42.
f5 Rc8 43. Bd2 Qd7 44. f6 Bf8 45. Kf3 Qe6 46. Rg1 Qd7 47. g5 Qe6 48. Rg2 Qh3+
49. Rg3 Qh5+ 50. Kg2 Qh4 51. Rh3 Qg4+ 52. Rg3 Qe6 53. Rh3 Qg4+ 54. Rg3 Qd7 55.
Rh3 Qe6 56. Rg3 Rb8 57. Rh3 Rb2 58. Qe2 a2 59. Qd1 Qa6 60. Kg1 Qa4 61. Rh2 Qxd1+
62. Rxd1 Rb1 63. Rc1 a1=Q 64. Rxb1 Qxb1+ 65. Kf2 Qc2 66. Ke2 Rxc3 67. Rg2 Qd3+
68. Kd1 Ra3 69. Ke1 Ra1+ 0-1